| 000 | 00607nam a2200181Ia 4500 | ||
|---|---|---|---|
| 008 | 090124s9999 xx 000 0 und d | ||
| 082 | _b37003 | ||
| 100 | _aपेठे मेघना | ||
| 245 | _a अंाधऴय़ाच्य़ा गाय़ी | ||
| 250 | _a0 | ||
| 260 |
_bराजहंस प्रकाशन _c2000 |
||
| 300 | _a147 | ||
| 600 | _aपेठे मेघना | ||
| 630 | _a अंाधऴय़ाच्य़ा गाय़ी | ||
| 700 | _aपेठे मेघना | ||
| 730 | _a अंाधऴय़ाच्य़ा गाय़ी | ||
| 942 | _cBOOK | ||
| 999 |
_c86784 _d86784 |
||